000 00333nam a2200133Ia 4500
008 220216s9999 xx 000 0 und d
100 _aBader H F
245 0 _aWhat are the benefits of NR and neoprene latex blend ?
260 _bRubber Asia
_c1997
300 _a57
650 _aNeoprene latex blend
650 _aNR
942 _cJS
999 _c72364
_d72364